[Event "Belgrade Gligoric 100 Ann op"]
[Site "Belgrade"]
[Date "2023.02.05"]
[Round "11"]
[White "Vujic, Mihailo"]
[Black "Svicevic, Rastko"]
[Result "0-1"]
[WhiteElo "2281"]
[BlackElo "2187"]
[PlyCount "75"]
[EventDate "2023.02.05"]
[EventType "swiss (blitz)"]
[EventRounds "11"]
[EventCountry "SRB"]
[SourceTitle "EXT 2024"]
[Source "ChessBase"]
[SourceDate "2023.10.10"]
[SourceVersion "1"]
[SourceVersionDate "2023.10.10"]
[SourceQuality "1"]

1. e4 c6 2. d4 d5 3. f3 g6 4. Be3 Bg7 5. c3 b6 6. Nd2 e6 7. Bd3 Ne7 8. Ne2 Ba6 9. Bxa6 Nxa6 10. Qa4 Nc7 11. h4 h5 12. Qc2 Qd7 13. 0-0-0 0-0-0 14. Kb1 Kb8 15. c4 Qc8 16. Rc1 Qa6 17. Rhd1 Rd7 18. Nb3 Rhd8 19. cxd5 exd5 20. Bf4 Kb7 21. Bxc7 Rxc7 22. Nc3 Bh6 23. Na4 Kb8 24. Nd2 dxe4 25. fxe4 Rxd4 26. Nc3 Rcd7 27. Nf3 Rxd1 28. Rxd1 Qc8 29. Ne5 Rxd1+ 30. Qxd1 Qe6 31. Qd8+ Kb7 32. Nd7 Bf4 33. a4 Bc7 34. Qe8 Nd5 35. Qxe6 Nxc3+ 36. bxc3 fxe6 37. Nf8 Bd8 38. Nxg6 0-1

[Event "Belgrade Radnicki IM 01"]
[Site "Belgrade"]
[Date "2023.01.29"]
[Round "5"]
[White "Svicevic, Rastko"]
[Black "Popchev, Milko"]
[Result "1/2-1/2"]
[WhiteElo "2187"]
[BlackElo "2230"]
[PlyCount "24"]
[EventDate "2023.01.25"]
[EventType "tourn"]
[EventRounds "9"]
[EventCountry "SRB"]
[SourceTitle "CBM 212 Extra"]
[Source "ChessBase"]
[SourceDate "2023.03.31"]
[SourceVersion "1"]
[SourceVersionDate "2023.03.31"]
[SourceQuality "1"]

1. d4 d5 2. Bg5 c6 3. e3 Bf5 4. Bd3 Bxd3 5. Qxd3 Nd7 6. Nd2 Ngf6 7. Ngf3 e6 8. 0-0 Be7 9. h3 0-0 10. c4 dxc4 11. Nxc4 Nd5 12. Bxe7 Qxe7 1/2-1/2

[Event "Belgrade Radnicki IM 01"]
[Site "Belgrade"]
[Date "2023.01.25"]
[Round "1"]
[White "Denishev, Marat"]
[Black "Svicevic, Rastko"]
[Result "1-0"]
[WhiteElo "2247"]
[BlackElo "2187"]
[PlyCount "101"]
[EventDate "2023.01.25"]
[EventType "tourn"]
[EventRounds "9"]
[EventCountry "SRB"]
[SourceTitle "CBM 212 Extra"]
[Source "ChessBase"]
[SourceDate "2023.03.31"]
[SourceVersion "1"]
[SourceVersionDate "2023.03.31"]
[SourceQuality "1"]

1. d4 Nf6 2. Nf3 e6 3. c4 Bb4+ 4. Bd2 a5 5. g3 d5 6. Qc2 0-0 7. Bg2 b6 8. 0-0 Ba6 9. b3 c5 10. Bxb4 axb4 11. dxc5 dxc4 12. Nfd2 Ra7 13. cxb6 Qxb6 14. Nxc4 Bxc4 15. bxc4 Rc8 16. Nd2 Nc6 17. Nb3 Rac7 18. c5 Qb5 19. Qd3 Qa4 20. Rfd1 h6 21. Rd2 Ne5 22. Qd4 Nc6 23. Bxc6 Rxc6 24. Rc1 Nd5 25. e4 Nc7 26. Kg2 Na6 27. Qd7 Nb8 28. Qe7 R6c7 29. Rd8+ Kh7 30. Qf8 Rxd8 31. Qxd8 Na6 32. Rc2 Qc6 33. f3 Rd7 34. Qb6 Qxb6 35. cxb6 Rd6 36. b7 Rb6 37. Na5 Rb5 38. Rc6 Rxa5 39. Rxa6 Rb5 40. Ra7 Kg6 41. Kf2 b3 42. axb3 Rxb3 43. Ke2 Kf6 44. Kd2 g5 45. Kc2 Rb6 46. Kc3 Ke5 47. Ra6 Rxa6 48. b8Q+ Rd6 49. Qg8 Rc6+ 50. Kd3 Rd6+ 51. Kc4 1-0